000 00240nam a22001097a 4500
008 160623b xxu||||| |||| 00| 0 eng d
100 _9693
_aPai, A,
245 _aSoordas
260 _aBombay India time
300 _aSoordas
942 _2ddc
_cBK
999 _c560
_d560